Bozkurt İlham Gencer (Record no. 5169)

MARC details
000 -BAŞLIK
Sabit Uzunlukta Kontrol Alanı 00658na a2200229 4500
001 - KONTROL NUMARASI
Denetim Alanı 13983
003 - KONTROL NUMARASI IDENTIFIER
Denetim Alanı MIRAKIL
005 - SON İŞLEM TARİHİ VE ZAMANI
Denetim Alanı 20181213155029.0
008 - SABİT-BOY VERİ ELEMANLARI - GENEL BİLGİLER
Sabit Uzunlukta Kontrol Alanı 160901b tu 000 0
020 ## - ULUSLARARASI STANDART KİTAP NUMARASI
Uluslararası Standart Kitap Numarası 978994403
035 ## - SİSTEM KONTROL NUMARASI
Sistem Kontrol Numarası 13983
040 ## - KATALOGLAMA KAYNAK
Orijinal Kataloglama Ajansı Milas
Kataloglama Dili tur
Metne Dönüştürmek Ajansı TR-AnCHP
082 ## - DEWEY ONLU SINIFLANDIRMA NUMARASI
Sınıflandırma Numarası 927.8169 Gencer,İ
Ürün Numarası C77b 2008
090 ## - SINIFLAMA NUMARASI
Sınıflama Numarası 927.8169 Gencer,İ C77b 2008
100 ## - ANA GİRİŞ - KİŞİSEL İSİM
Kişisel Ad Coşkun, S.Sami
245 ## - BAŞLIK TABLOSU
Başlık Bozkurt İlham Gencer
Sorumluluk Tablosu, Vb S.Sami Coşkun
260 ## - YAYIN, DAĞITIM, VB
Yayın, Dağıtım, Vb Yeri İstanbul
Yayıncı, Dağıtıcı, Vs Adı Cem Ofset Matbaacılık
Yayın, Dağıtım, Vb Tarihi 2008
300 ## - FİZİKSEL TANIM
Kapsam 172 s.
Diğer Fiziksel Ayrıntıları res.
Boyutlar 20 sm.
600 ## - KONU KATMA GİRİŞ - KURUMSAL ADI
Kişisel Ad Gencer, İlham
Genel Alt Bölümü Yaşamöyküsü
650 ## - KONU KATMA GİRİŞ - TOPİKAL DÖNEM
Topikal Süreli Veya Coğrafi Ad Giriş Elemanı Ulusalcılık
Genel Alt Bölümü Türk
Kronolojik Alt Bölümü Yaşamöyküsü
942 ## - EKLENDİ GİRİŞ ELEMANLARI (KOHA)
Sınıflandırma Veya Raf Düzeni Kaynak Dewey Decimal Classification
Koha Öğesi Türü Books
999 ## - SİSTEM KONTROL NUMARALARI (KOHA)
Koha Biblionumber 5169
Koha Biblioitemnumber 5169
Holdings
Kalıcı Konum Mevcut Konum Edinme Tarihi Edinim Kaynak Toplam Check-Out'Lar Tam Çağrı Numarası Barkod Tarih Son Görülme İtibaren Geçerli Fiyatlar Koha Öğesi Türü
CHP Kütüphanesi CHP Kütüphanesi 08/23/2016 Bağış   927.8169 Gencer,İ C77b 2008 001907 08/23/2016 08/23/2016 Books